000 00591nam a2200193 i 4500
001 35711
003 ES-MaACL
005 20230906155207.0
007 t|
008 030213s1908 fr ||||1| fre d
100 1 _aBouglé, Célestin (
_d1870-1940)
_930876
245 1 0 _aEssais sur le régime des castes /
_cpar C. Bouglé.
260 _aParís :
_b[s.n.,
_c1908] (
_eChartres :
_fDurand)
300 _aXII, 228 p. ;
_c22 cm.
490 1 _aTravaux de l'année sociologique
830 0 _aTravaux de l'année sociologique
_9229548
852 _aES-MaACL
_jB-6217
999 _c35711
_d35711